| 000 | 00720cab a2200265 4500 | ||
|---|---|---|---|
| 001 | ABS57646 | ||
| 008 | 090401t1997 xxu||||| |||| 00| 0 eng d | ||
| 035 | _a(Sirsi) u81126 | ||
| 041 | _aeng | ||
| 100 | _aEdwards, R. | ||
| 245 | _aUnder a dark cloud | ||
| 260 | _c1997 | ||
| 350 | _a0 | ||
| 490 |
_aNew Scientist _v27 September 1997, 20-21(2) |
||
| 520 | _aReports on two new studies into the effects on health of airborne dust produced by opencast coal mines. | ||
| 650 | _aAIRBORNE DUST | ||
| 650 | _aASTHMA | ||
| 650 |
_aHEALTH AND SAFETY _96244 |
||
| 650 | _aHEALTH HAZARDS | ||
| 650 | _aMINES | ||
| 650 | _aOPENCAST MINING | ||
| 690 | _aMINING AND MINERALS | ||
| 942 | _n0 | ||
| 948 | _c29/09/1997 | ||
| 999 |
_c51119 _d51119 |
||